[Event "La Laguna op 3rd"]
[Site "La Laguna"]
[Date "2009.05.09"]
[Round "7"]
[White "De la Cruz Sanchez, Carlos Gustavo"]
[Black "Barrio Pareja, Eduardo"]
[Result "1-0"]
[WhiteElo "2289"]
[BlackElo "2061"]
[PlyCount "43"]
[EventDate "2009.05.04"]
[EventType "swiss"]
[EventRounds "9"]
[EventCountry "ESP"]
[SourceTitle "CBM 130 Extra"]
[Source "ChessBase"]
[SourceDate "2009.07.02"]
[SourceVersion "2"]
[SourceVersionDate "2009.07.15"]
[SourceQuality "1"]

1. d4 Nf6 2. c4 g6 3. Nc3 Bg7 4. e4 d6 5. Nf3 0-0 6. Be2 e5 7. 0-0 Nc6 8. d5 Ne7 9. b4 Nh5 10. Re1 Nf4 11. Bxf4 exf4 12. Rc1 f5 13. Ng5 h6 14. Ne6 Bxe6 15. dxe6 Bxc3 16. Rxc3 fxe4 17. Bf1 d5 18. cxd5 Nxd5 19. Bc4 c6 20. Rxe4 Qf6 21. Rd3 Nc3 22. Rxc3 1-0